000 00963nam a22002777a 4500
001 22203
005 20260409140524.0
008 260408b |||||||| |||| 00| 0 spa d
022 _a23134828
041 _aESP
082 _aHR 346 MAR 2026
_bACI
100 _a,
110 _aInstituto Pacífico
245 _aActualidad civil :
_brevista de derecho civil, procesal civil, registral e inmobiliario
260 _aLima :
_bInstituto Pacífico,
_c2026
300 _a315 páginas :
_bcuadros ;
_c25 cm.
440 _a ;
505 _aNúmero 141, marzo 2026
650 _aCIS
653 _aDerecho - Revista
654 _aCDE
700 _a;
856 _uhttps://0u20rvrrq-y-https-actualidadcivil-pe.itmsp.museknowledge.com/revista-digital/edicion/actualidad-civil-141
_zVersión digital
856 _uhttps://itmsp.museknowledge.com/UCSP?groupID=2&action=source&sourceID=vLex_IP
_zVéase además: Base de datos Vlex
942 _cREV
_dJUS
_fTRC
_n0
_2ddc
999 _c22203
_d22203